00854cam a22002417a 4500003000500000005001700005008004100022010001000063011001000073035001100083040000900094100002400103245015300127260004100280300001000321502007500331650004000406650003000446650004500476650003200521650002200553650003700575CHAP20220329142837.0040805d2003 mx r 00110 spa d a88605 a89577 a100128 cCHAP00aBautista Zarco, Noe10aDeterminación de la calidad de brinzales de Pinus montezumae Lamb., producidos en el vivero San Luis Tlaxialtemalco, D.F.c/por Noe Bautista Zarco aChapingo, Méx. :bEl autor,c2003. a91 h. aTesis (M.C.) -- CP. Instituto de Recursos Naturales. Programa Forestal14aÁrbolesxFisiologia y morfologia.14aÁrboleszMexico (D.F.).14aPináceasxFisiología y morfología.14aPináceasxMéxico (D.F.)14aPinus montezumae.14aReforestaciónxMéxico (D.F.)